000 00345nam a2200145Ia 4500
008 191201s2010 xx 000 0 und d
082 _a658.301
_bBHH
100 _aBHATTACHARYYA, Dipak Kumar
245 0 _aHuman Resource Planning
250 _aRep
260 _aN.Delhi
_bExcel Books
_c2010
300 _a441
650 _aMBA
942 _2ddc
_cBK
999 _c5361
_d5361